Mutagenita pitnej vody ako možný rizikový faktor

Podrobná bibliografia
Hlavní autori: Gajdoš, Ondrej (RNDr., CSc.) (Autor), Gajdošová, Dagmar (Autor), Lucová, Lívia (Autor), Bratská, Zuzana (Autor)
Médium: Článok
Jazyk:slovenčina

MARC

LEADER 00000naa a2200000uu 4500
001 vtls011058326
003 SK-MaSNL
005 20260302141502.0
008 210906|2007 xo |||||||||||||||||slo|
015 |a SNBRA 
035 |a (urnnbn)urn:nbn:sk:snk:ar-a0c0iq 
035 |a (uuid)3821e42b-9c7d-4eb7-9123-c5adbd0656c4 
035 |a urn:nbn:sk:snk-aav73r 
040 |a SNKBUCL  |b slo  |c SNKBUCL  |e AACR2 
041 0 |a slo 
044 |a xo  |c SK 
100 1 |a Gajdoš, Ondrej  |c (RNDr., CSc.)  |4 aut  |9 241767 
245 1 0 |a Mutagenita pitnej vody ako možný rizikový faktor  |c Ondrej Gajdoš, Dagmar Gajdošová, Lívia Lucová, Zuzana Bratská 
700 1 |a Gajdošová, Dagmar  |4 aut  |9 798089 
700 1 |a Lucová, Lívia  |4 aut  |9 798090 
700 1 |a Bratská, Zuzana  |4 aut  |9 391705 
773 0 |t Pitná voda  |d S.l : s.n.], 2007  |g S. 167-172 
958 |a OND 
958 |a article12 
958 |a chapter 
999 |c 1335810  |d 1337740